Edoardo Sanguineti : ritratto in pubblico : atti del convegno internazionale di Bologna (23 giugno 2015) /

Bibliographic Details
Corporate Author: Per Edoardo Sanguineti, ritratto in pubblico (Conference) Bologna, Italy)
Other Authors: Weber, Luigi (Editor)
Format: Conference Proceeding Book
Language:Italian
Published: Milano : Mimesis, [2016]
Series:Sensi del testo ; n. 9.
Subjects:

MARC

Tag First Indicator Second Indicator Subfields
LEADER 00000cam a2200000 i 4500
001 in00003813622
005 20170926131215.0
008 170115t20162016it a b 101 0 ita d
010 |a  2017368166 
020 |a 9788857538198 
020 |a 8857538192 
035 |a (OCoLC)ocn981174217 
040 |a ItFiC  |e rda  |c C3L  |d DLC  |d TXA  |d UtOrBLW 
042 |a lccopycat 
049 |a TXAM 
050 0 0 |a PQ4879.A63  |b Z694 2015 
082 0 0 |a 851  |2 14 
111 2 |a Per Edoardo Sanguineti, ritratto in pubblico (Conference)  |d (2015 :  |c Bologna, Italy)  |0 http://id.loc.gov/authorities/names/no2017040998 
245 1 0 |a Edoardo Sanguineti :  |b ritratto in pubblico : atti del convegno internazionale di Bologna (23 giugno 2015) /  |c a cura di Luigi Weber. 
264 1 |a Milano :  |b Mimesis,  |c [2016] 
264 4 |c ©2016 
300 |a 157 pages :  |b illustrations ;  |c 22 cm. 
336 |a text  |b txt  |2 rdacontent 
337 |a unmediated  |b n  |2 rdamedia 
338 |a volume  |b nc  |2 rdacarrier 
490 1 |a I sensi del testo ;  |v n. 9 
504 |a Includes bibliographical references and index. 
600 1 0 |a Sanguineti, Edoardo  |x Criticism and interpretation  |v Congresses. 
700 1 |a Weber, Luigi,  |e editor.  |0 http://id.loc.gov/authorities/names/no2005095570 
830 0 |a Sensi del testo ;  |v n. 9.  |0 http://id.loc.gov/authorities/names/no2012053781 
948 |a cataloged  |b h  |c 2017/6/27  |d c  |e dmitchel  |f 11:50:30 am 
994 |a C0  |b TXA 
999 f f |s 2af48e12-d55a-3875-b48c-337a57d710a3  |i 41029f79-6357-32db-a876-2eae9e6c8e18  |t 0 
952 f f |p normal  |a Texas A&M University  |b College Station  |c Sterling C. Evans Library  |d Evans: Library Stacks  |t 0  |e PQ4879.A63 Z694 2015  |h Library of Congress classification  |i unmediated -- volume  |m A14850199846 
998 f f |a PQ4879.A63 Z694 2015  |t 0  |l Evans: Library Stacks